00641nam a2200169Ia 4500008004100000100002300041245011800064245010600182260003900288260000900327300002900336440004300365650002800408650001500436650000900451650001100460190511s9999 xx 000 0 und d aWestbrook, Cecilia aFrontoparietal processing of stress-relevant information differs in individuals with a negative cognitive style / cCecilia Westbrook, Elena G. Patsenko, Jeanette A. Mumford, Lyn Y. Abramson and Richard J. Davinson.-- bAmerican Psychological Association c2018 aPages 437-447, July 2018 aJournal of Abnormal Psychologyv127(5) aCognitive vulnerability aDepression afMRI aStress